Estadísticas para Top 15 ciudades más pobladas de Andalucía

Haz click aquí para intentar la prueba.

Estadísticas generales

  • Esta prueba ha sido intentada 125 veces
  • La puntuación promedio es 12 de 15

Estadísticas de respuestas

HabitantesRespuesta% Correcto
684.000Sevilla
100%
114.000Cádiz
99%
577.000Málaga
98%
322.000Córdoba
97%
142.000Huelva
97%
200.000Almería
96%
231.000Granada
95%
111.000Jaén
93%
212.000Jerez
88%
147.000Marbella
74%
136.000Dos Hermanas
72%
122.000Algeciras
56%
94.000San Fernando
48%
89.000El Puerto
40%
98.000Roquetas de Mar
30%

Distribución de puntuación

Porcentaje por número respondido

Porcentaje de gente con cada puntuación

Historial de tus puntuaciones

No has intentado esta prueba.